000 00519nam a2200181Ia 4500
003 GCL
008 140319s9999 xx 000 0 ara d
040 _aGCL /
_cGCL
082 0 4 _a658.8
_bص ت
100 1 _aصديق محمد عفيفى
245 1 0 _aالتسويق الدولى : نظم التصدير والاستيراد /
_cصديق محمد عفيفى
300 _a618 ص
490 _a
650 0 4 _aمصر
650 0 4 _aاختراق السوق
650 0 4 _aالتسويق الدولى
942 _2ddc
_cBK
999 _c39799
_d39799